A une passante - Baudelaire - Statistiques

Statistiques générales
  • Ce quiz a été pris 109 fois
  • Le résultat moyen est 69 sur 118
Statistiques - réponses
Réponse % Correct
l'
100%
a
95%
La
95%
la
95%
m'
90%
d'
86%
le
86%
O
86%
ô
86%
rue
86%
un
86%
Un
86%
Une
86%
une
86%
de
81%
femme
81%
j'
81%
passa
81%
sa
81%
en
71%
et
71%
moi
71%
Moi
71%
71%
assourdissante
67%
je
67%
nuit
67%
qui
67%
toi
67%
autour
62%
Dans
62%
dans
62%
main
62%
que
62%
son
62%
tu
62%
avec
57%
éclair
57%
feston
57%
hurlait
57%
puis
57%
balançant
52%
comme
52%
deuil
52%
fastueuse
52%
grand
52%
jambe
52%
Longue
52%
mince
52%
Ne
52%
ne
52%
te
52%
vais
52%
beauté
48%
buvais
48%
ciel
48%
eusse
48%
ourlet
48%
regard
48%
savais
48%
Soulevant
48%
crispé
43%
Dont
43%
extravagant
43%
germe
43%
jamais
43%
livide
43%
oeil
43%
ouragan
43%
plus
43%
statue
43%
tue
43%
douceur
38%
fascine
38%
Fugitive
38%
sais
38%
Car
33%
douleur
33%
éternité
33%
être
33%
fait
33%
fuis
33%
ignore
33%
noble
33%
peut
33%
plaisir
33%
renaître
33%
soudainement
33%
Agile
29%
Ailleurs
29%
aimée
29%
majestueuse
29%
tard
29%
trop
29%
verrai
29%
bien
24%
ici
24%
loin
24%
Aucun quiz correspondant
Distribution des résultats
% des personnes avec chaque résultat
Percentile par nombre de réponses
Votre historique - résultats
Vous n’avez pas pris ce quiz